| 000 | 00596nam a2200157 4500 | ||
|---|---|---|---|
| 999 |
_c9644 _d9644 |
||
| 008 | 180712b ||||| |||| 00| 0 eng d | ||
| 022 | _a0022-0167 | ||
| 082 | _aDPer 361.05 J38 Jan-Apr 2016 v. 63 n.1 -3 | ||
| 100 |
_930503 _aBaldwin, Scott A. |
||
| 245 |
_aOpen access meta-analysis for psychotherapy research/ _cScott A. Baldwin and A.C. Del Re |
||
| 260 |
_aWashington, DC: _bAmerican Psychological Association, _c©2016. |
||
| 300 |
_av63 n3, pages 249-260: _billustrations; _c27cm. |
||
| 650 | 0 |
_930505 _aPsychotherapy _xResearch. |
|
| 700 |
_928622 _aDel Re, A. C. _eAuthor. |
||
| 942 |
_2ddc _cPER |
||